000 00428nam a2200157Ia 4500
008 230917s9999||||xx |||||||||||||| ||und||
040 _e59656
_aMAIN
041 _aEnglish
082 _a658.4 K837M
100 _aKoontz, Harold
245 0 _aManagement: A system and contingency analysis of material function
250 _a7th ed.
260 _aTokyo
_bMcGraw-Hill Kogakusha
_c1980
300 _axxiii, 871 p.
942 _cBK
999 _c217091
_d217091